• 首页
  • 本馆介绍
  • 公告通知
  • 最新文献
  • 馆藏检索
  • 电子资源
  • 读者导购
  • 参考咨询
  • 我的图书馆
  • 登录
  • 详细信息显示
  • 放入我的书架
  • 预约/预借图书
  • 作者相关作品
  • 分类相关作品
  • 丛书相关作品
  • 出版社相关作品

书目信息

  • 表格格式
  • 工作单格式
  • 卡片格式
题名:
微织构接触界面的动力学响应特性
    
 
作者: 朱春霞 著
分册:  
出版信息: 北京   科学出版社  2019
页数: 106页
开本: 24cm
丛书名:
单 册:
中图分类: TG71
科图分类:
主题词: 织构--刀具(金属切削)--接触面--动力学性能--研究
电子资源:
ISBN: 978-7-03-062530-4
000 00939cam0 2200217 450
001 2259459346
005 20221001163106.63
010    @a978-7-03-062530-4@dCNY99.00
100    @a20200408d2019 em y0chiy50 ea
101 0  @achi
102    @aCN@b110000
105    @aa z 000yy
200 1  @a微织构接触界面的动力学响应特性@9wei zhi gou jie chu jie mian di dong li xue xiang ying te xing@f朱春霞著
210    @a北京@c科学出版社@d2019
215    @a106页@c图,照片@d24cm
330    @a本书在分析具有微织构形貌的表面特征的基础上,建立微织构表面轮廓的表征方程,并通过对具有微织构形貌的结合面间的接触特性参数分析,研究微织构表面的织构参数对结合面间的接触特性的影响规律,对提高机械系统动态性能、结构工作性能可靠性以及机械装备的精密度与稳定性等,具有重要的理论与现实意义。
606 0  @a织构@x刀具(金属切削)@x接触面@x动力学性能@x研究
690    @aTG71@v5
701  0 @a朱春霞@9zhu chun xia@4著
801  0 @aCN@b91MARC@c20200408
905    @aZUCC@dTG71@e3
    
    微织构接触界面的动力学响应特性/朱春霞著.-北京:科学出版社,2019
    106页:图,照片;24cm
    
    
    ISBN 978-7-03-062530-4:CNY99.00
    本书在分析具有微织构形貌的表面特征的基础上,建立微织构表面轮廓的表征方程,并通过对具有微织构形貌的结合面间的接触特性参数分析,研究微织构表面的织构参数对结合面间的接触特性的影响规律,对提高机械系统动态性能、结构工作性能可靠性以及机械装备的精密度与稳定性等,具有重要的理论与现实意义。
●
相关链接 在五车中查询图书 在当当中查询图书 在豆瓣中查询图书


正题名:微织构接触界面的动力学响应特性     索取号:TG71/3         预约/预借

序号 登录号 条形码 馆藏地/架位号 状态 备注
1 2000910574   2000910574   第三书库/ [索取号:TG71/3] 在馆    
2 2000910575   2000910575   第三书库/ [索取号:TG71/3] 在馆    
3 2000910576   2000910576   第三书库/ [索取号:TG71/3] 在馆    
山东省滨州职业学院图书馆 欢迎您!
大连网信软件有限公司© 版权所有